000
00329nam a22001457a 4500
008
221121b ||||| |||| 00| 0 eng d
020
_a
2900078022547
041
_a
eng
080
_2
TWELFTH EDITION
_a
615.83
082
_a
615.83HAM
100
_a
16.2
101
_a
EGZ
245
_a
KINESIOLOGY
_c
HAMILTON N
942
_2
udc
_c
BK
999
_c
58989
_d
58989